000 01038cam a2200265 a 4500
999 _c22856
_d22856
001 13014148
003 OSt
005 20200323142541.0
008 021126s2003 enk b 001 0 eng
020 _a9780745622101
040 _coclc
082 0 0 _a297.090511
_221
_bAHM/I
100 _aAhmed, Akbar S
_92186
245 1 0 _aIslam under siege :
_bliving dangerously in a post-honor world /
_cAkbar S. Ahmed
260 _aCambridge, UK :
_bPolity ;
_aMalden, MA :
_bDistributed by Blackwell Pub.,
_c2003.
300 _a213 p. ;
_c20 cm.
440 0 _aThemes for the 21st century
504 _aIncludes bibliographical references (p. [185]-196) and index.
650 0 _aIslam
_y20th century.
650 0 _aIslam and world politics.
650 0 _aGlobalization
_xReligious aspects
_xIslam.
906 _a7
_bcbc
_corignew
_d1
_eecip
_f20
_gy-gencatlg
942 _2ddc
_cBK
_h297.090511
_iAHM/I
_k297.090511
_mAHM/I